<?xml version="1.0" encoding="UTF-8"?>
<collection xmlns="http://www.loc.gov/MARC21/slim">
 <record>
  <leader>     na                 </leader>
  <controlfield tag="001">INLIS000000000000411</controlfield>
  <controlfield tag="005">20250612100518</controlfield>
  <datafield tag="035" ind1=" " ind2=" ">
   <subfield code="a">0010-0625000079</subfield>
  </datafield>
  <controlfield tag="007">ta</controlfield>
  <controlfield tag="008">250612                           0 ind  </controlfield>
  <datafield tag="020" ind1=" " ind2=" ">
   <subfield code="a">978-979-16283-7-2</subfield>
  </datafield>
  <datafield tag="082" ind1=" " ind2=" ">
   <subfield code="a">297.14</subfield>
  </datafield>
  <datafield tag="084" ind1=" " ind2=" ">
   <subfield code="a">297.14 MUH r</subfield>
  </datafield>
  <datafield tag="100" ind1="0" ind2=" ">
   <subfield code="a">Muhammad Ardani bin Ahmad</subfield>
  </datafield>
  <datafield tag="245" ind1="1" ind2=" ">
   <subfield code="a">Risalah Haidl, Nifas &amp; Istikhadloh /</subfield>
   <subfield code="c">Muhammad Ardani bin Ahmad</subfield>
  </datafield>
  <datafield tag="260" ind1=" " ind2=" ">
   <subfield code="a">Surabaya :</subfield>
   <subfield code="b">Al-Miftah,</subfield>
   <subfield code="c">2021</subfield>
  </datafield>
  <datafield tag="300" ind1=" " ind2=" ">
   <subfield code="a">92 ;</subfield>
   <subfield code="c">14,5cmx20,5cm</subfield>
  </datafield>
  <datafield tag="520" ind1=" " ind2=" ">
   <subfield code="a">Risalah Haidl, Nifas &amp; Istikhadloh</subfield>
  </datafield>
  <datafield tag="600" ind1=" " ind2="4">
   <subfield code="a">Haidl</subfield>
  </datafield>
  <datafield tag="600" ind1=" " ind2="4">
   <subfield code="a">Nifas</subfield>
  </datafield>
  <datafield tag="600" ind1=" " ind2="4">
   <subfield code="a">Istihadloh</subfield>
  </datafield>
  <datafield tag="990" ind1=" " ind2=" ">
   <subfield code="a">00000001954</subfield>
  </datafield>
 </record>
</collection>
